I am Indeed Their Brother: Loving and Serving Allah's Poor (Record no. 20960)
[ view plain ]
| 000 -LEADER | |
|---|---|
| fixed length control field | 00311nam a22001217a 4500 |
| 082 ## - DEWEY DECIMAL CLASSIFICATION NUMBER | |
| Classification number | 954.9266 MCC |
| 100 ## - MAIN ENTRY--AUTHOR NAME | |
| Author name | McCahill, Fr. Bob |
| 245 ## - TITLE STATEMENT | |
| Title | I am Indeed Their Brother: Loving and Serving Allah's Poor |
| 260 ## - PUBLICATION, DISTRIBUTION, ETC. (IMPRINT) | |
| Place of publication | Gujarat |
| Name of publisher | Gujarat Sahitya Prakash |
| Year of publication | 2018 |
| 300 ## - PHYSICAL DESCRIPTION | |
| Number of Pages | 158 |
| 942 ## - ADDED ENTRY ELEMENTS (KOHA) | |
| Koha item type | Books |
| Home library | Current library | Shelving location | Date acquired | Source of acquisition | Cost, normal purchase price | Full call number | Accession Number | Koha item type |
|---|---|---|---|---|---|---|---|---|
| Henry Martyn Institute Library | Henry Martyn Institute Library | General stacks | 04/30/2018 | Director | 200.00 | 954.9266 MCC | 11-3628 | Books |
